| 000 | 01267cab a2200229 4500 | ||
|---|---|---|---|
| 001 | ##L135167 | ||
| 008 | 061003n2006 000 0 eng u | ||
| 035 | _a(Sirsi) u135167 | ||
| 041 | 0 | _aeng | |
| 100 | 1 | _aDixon, Tim | |
| 245 | 0 | 3 | _aAn analysis of the UK development industry's role in brownfield regeneration |
| 260 | _c2006 | ||
| 490 | 0 |
_aJournal of Property Investment and Finance _v24(6)2006, 521-541(21) |
|
| 520 | _aProvides a review of the brownfield policy and the emerging sustainable development agenda in the UK. Examines the development industry's role and attitudes towards brownfield regeneration and contaminated land. The survey is based on a sample which represents nearly 30 per cent of UK volume housebuilding carried out in 2004. The results suggest that housebuilding is no longer the preserve of specialists, and is now widespread throughout industry in the UK and that the redevelopment of contaminated sites for residential use could be threatened by the impact of the EU landfill directive (Directive 99/31/EC). | ||
| 590 | _aIKA171006 | ||
| 650 | 2 | 4 | _aDIRECTIVE 99/31/EC |
| 651 | 4 |
_aUnited Kingdom _y |
|
| 690 | _aPROPERTY-PROPERTY MANAGEMENT-REGENERATION | ||
| 700 | 1 | _aPocock, Yasmin | |
| 700 | 1 | _aWaters, Mike | |
| 942 | _n0 | ||
| 999 |
_c77812 _d77812 |
||